| 000 | 01205 a2200301 4500 | ||
|---|---|---|---|
| 008 | 080814t xxu||||| |||| 00| 0 eng d | ||
| 010 | _a 95041396 | ||
| 020 | _a0521562643 (hardback) | ||
| 020 | _a0521565871 (paperback) | ||
| 040 |
_aDLC _cDLC _dDLC |
||
| 050 | 0 | 0 | _aHF1359 |
| 082 | 0 | 0 |
_a337 _220 _bKEO |
| 245 | 0 | 0 |
_aInternationalization and domestic politics / _cedited by Robert O. Keohane, Helen V. Milner. |
| 260 |
_aCambridge [England] ; _aNew York, NY, USA : _bCambridge University Press, _cc.1996. |
||
| 300 |
_ax, 308 p. : _bill. ; _c24 cm. |
||
| 504 | _aIncludes bibliographical references (p. [279]-301) and index. | ||
| 650 | 0 |
_aInternational economic relations. _2BUEsh |
|
| 650 | 0 |
_aWorld politics _y1989- _2BUEsh |
|
| 650 | 0 |
_aComparative government. _2BUEsh |
|
| 651 | _2BUEsh | ||
| 700 | 1 |
_aKeohane, Robert O. _q(Robert Owen), _d1941- |
|
| 700 | 1 |
_aMilner, Helen V., _d1958- |
|
| 856 | 4 | 1 |
_3Sample text _uhttp://www.loc.gov/catdir/samples/cam031/95041396.html |
| 856 | 4 | 2 |
_3Publisher description _uhttp://www.loc.gov/catdir/description/cam027/95041396.html |
| 856 | 4 | 1 |
_3Table of contents _uhttp://www.loc.gov/catdir/toc/cam026/95041396.html |
| 942 | _2ddc | ||
| 999 |
_c10094 _d10094 |
||